000 00650nam a2200229Ia 4500
003 OSt
005 20220918225047.0
006 a|||||r|||| 00| 0
007 ta
008 220917b |||||||| |||| 00| 0 eng d
024 _a236,450
037 _cTextual
040 _aARTS
_cARTS
_beng
041 _2eng
_aeng
082 _aV1:58(Y15).N, P3
100 _aAgosin Marjorie Ed.
_9149597
245 0 _aWomen, gender, and human rights
_b A global perspective
260 _aJaipur
_bRawat Publications India
_c2003
650 _aHISTORY
942 _hV1:58(Y15).N, P3
_cTEXL
_2CC
999 _c283292
_d283292